Basic accounting for managerial and financial control
Guardat en:
| Autors principals: | , |
|---|---|
| Altres autors: | |
| Format: | Llibre |
| Idioma: | anglès |
| Publicat: |
Nueva York
Holt, Rinehart and Winston
1968
|
| Matèries: | |
| Etiquetes: |
Afegir etiqueta
Sense etiquetes, Sigues el primer a etiquetar aquest registre!
|
MARC
| LEADER | 00000nam a2200000 a 4500 | ||
|---|---|---|---|
| 001 | UCQ0252 | ||
| 003 | CL-VaPUC | ||
| 008 | 980627e19680000US |||||||||||||||||eng|d | ||
| 082 | 0 | 4 | |a 658.151 |b SLA |2 21 |
| 100 | 0 | |a Slavin, Albert |e author |9 413386 | |
| 700 | 0 | |a Reynolds, Isaac N |e author |9 413387 | |
| 700 | |a Malchman, Lawrence H. |e autor |9 413388 | ||
| 245 | 1 | 0 | |a Basic accounting for managerial and financial control |
| 300 | |a 848 p | ||
| 942 | |c BK | ||
| 945 | |d 19980627 00:00:00 |a cmena | ||
| 260 | |a Nueva York |b Holt, Rinehart and Winston |c 1968 | ||
| 650 | 0 | |a Administración financiera |9 261146 | |
| 650 | 0 | |a Contabilidad de costos |9 260564 | |
| 650 | 7 | |a PLANIFICACION Y CONTROL |2 CL-VaPUC |9 413389 | |
| 650 | 7 | |a PRESUPUESTO |2 CL-VaPUC |9 306206 | |
| 650 | 0 | |a Control presupuestario |9 345693 | |
| 650 | 0 | |a Inversiones |9 345867 | |
| 650 | 0 | |a Capital |9 263726 | |
| 583 | |a last modification |c 19980627 00:00:00 |k Rodrigo Vera | ||
| 999 | |c 271391 |d 271389 | ||